UM Logo
Normal view MARC view
  • Cetin, Sevilay.

Entry Personal Name

Number of records used in: 1

001 - CONTROL NUMBER

  • control field: 54452

003 - CONTROL NUMBER IDENTIFIER

  • control field: OSt

005 - DATE AND TIME OF LATEST TRANSACTION

  • control field: 20240313090139.0

008 - FIXED-LENGTH DATA ELEMENTS

  • fixed length control field: 240313|| aca||aabn | a|a d

040 ## - CATALOGING SOURCE

  • Original cataloging agency: OSt
  • Transcribing agency: OSt

100 ## - HEADING--PERSONAL NAME

  • Personal name: Cetin, Sevilay.
  • Relator term: author.

670 ## - SOURCE DATA FOUND

  • Source citation: Work cat.: (OSt): Yenil, Veli. author. 54451, Load independent constant current and constant voltage control of LCC-Series compensated wireless EV charger /, July 2022.